[Event "Airthings Masters - Torneo Preliminare"]
[Site "Internet"]
[Date "03.02.2023"]
[Round "2"]
[White "Predke, Alexandr"]
[Black "Bortnyk, Olexandr"]
[Result "1-0"]
[WhiteTitle ""]
[BlackTitle ""]
[WhiteElo "2684"]
[BlackElo "2605"]
[WhiteFideId "24107581"]
[BlackFideId "14120828"]
[EventDate "2023.02.03"]

1. e4 d6 2. d4 Nf6 3. Nc3 e5 4. Nf3 Nbd7 5. Bc4 Be7 6. O-O c6 7. a4 Qc7 8. Re1
h6 9. Ba2 O-O 10. Nh4 Re8 11. Nf5 Bf8 12. d5 Nc5 13. Qf3 Bxf5 14. Qxf5 Qc8 15.
Qf3 Qg4 16. Qxg4 Nxg4 17. a5 a6 18. f3 Nf6 19. Be3 Rec8 20. Bxc5 dxc5 21. dxc6
Rxc6 22. Bc4 Rd8 23. Nd5 Nxd5 24. exd5 Rc7 25. Rxe5 Bd6 26. Re3 g6 27. Rae1 Kg7
28. Rb3 Rcd7 29. g3 Kf8 30. Bf1 Re8 31. Rxe8+ Kxe8 32. f4 Re7 33. Kf2 f5 34. Bd3
Kd8 35. Rc3 h5 36. h4 Rd7 37. Be2 Re7 38. Bf3 Re8 39. Rb3 Re7 40. Rb6 Kc7 41. c4
Re8 42. Be2 Rf8 43. Ke3 Re8+ 44. Kd2 Re4 45. Bd3 Re8 46. Bc2 Rf8 47. Ba4 Rf7 48.
Be8 Rg7 49. Rb3 Kd8 50. Re3 Be7 51. Ba4 Rf7 52. Kd3 Rf6 53. b4 Bd6 54. Re8+ Kc7
55. b5 Bf8 56. b6+ Kd6 57. Rb8 Rf7 58. Be8 Rg7 59. Ba4 Rf7 60. Rd8+ Ke7 61. Re8+
Kf6 62. Re6+ Kg7 63. Be8 Rf6 64. Re2 Bd6 65. Bd7 Rf8 66. Re6 Bb8 67. Be8 Rf6 68.
Rxf6 Kxf6 69. Bd7 Ke7 70. Bc8 g5 71. hxg5 h4 72. gxh4 Bxf4 73. Bxb7 Bg3 74. h5
Be1 75. Bxa6 Bxa5 76. b7 Bc7 77. h6 Kf7 78. Bb5 Kg6 79. Be8+ Kh7 80. Bd7 f4 81.
Bf5+ Kg8 82. Ke4 1-0

[Event "Airthings Masters - Torneo Preliminare"]
[Site "Internet"]
[Date "03.02.2023"]
[Round "2"]
[White "Lazavik, Denis"]
[Black "Antipov, Mikhail Al."]
[Result "1-0"]
[WhiteTitle ""]
[BlackTitle ""]
[WhiteElo "2541"]
[BlackElo "2581"]
[WhiteFideId "13515110"]
[BlackFideId "4107012"]
[EventDate "2023.02.03"]

1. d4 Nf6 2. c4 e6 3. Nf3 d5 4. g3 Be7 5. Bg2 O-O 6. O-O dxc4 7. Qc2 a6 8. a4
Bd7 9. Qxc4 Bc6 10. Bg5 Nbd7 11. Rd1 h6 12. Bxf6 Nxf6 13. Nbd2 Qb8 14. Ne5 Bxg2
15. Kxg2 c5 16. Ndf3 cxd4 17. Qxd4 Rd8 18. Qc4 Rc8 19. Qb3 Rc7 20. Rac1 Nd5 21.
Nd3 Rxc1 22. Rxc1 b5 23. axb5 Qxb5 24. Qxb5 axb5 25. Nd4 b4 26. Nc6 Bf8 27. e4
Nf6 28. f3 g5 29. Ndxb4 g4 30. Nd3 gxf3+ 31. Kxf3 Ra4 32. Re1 h5 33. h3 Rc4 34.
Nce5 Rc2 35. Ra1 Rd2 36. Ra8 Kg7 37. Ra7 Kg8 38. b4 Ne8 39. Ra8 Nd6 40. Ke3 Rd1
41. Ke2 Rg1 42. Nd7 Nxe4 43. Rxf8+ Kg7 44. N3e5 Nd6 45. Kf2 Rb1 46. Rb8 Rb3 47.
Nc5 Rc3 48. Rd8 Nf5 49. Rd7 Kg8 50. Nxf7 Nxg3 51. Ng5 Kf8 52. Ncxe6+ Ke8 53. Rc7
Rb3 54. Ng7+ Kf8 55. N5e6+ Kg8 56. Ne8 Ne4+ 57. Ke2 Rxh3 58. Rg7+ Kh8 59. Rf7
Rb3 60. Rf4 Rxb4 61. Ke3 Ra4 62. N8c7 h4 63. Rxh4+ Kg8 64. Rf4 Nc3 65. Rf8+ Kh7
66. Kd3 Nd1 67. Rf1 Nb2+ 68. Kc3 Nc4 69. Rh1+ Kg6 70. Nd5 Ne5 71. Rg1+ Kf7 72.
Ng5+ Kf8 73. Rf1+ Kg7 74. Ne6+ Kg6 75. Ne7+ Kh5 76. Rf5+ Kg4 77. Rxe5 Ra3+ 78.
Kb4 Ra1 79. Nd5 Rb1+ 80. Kc5 Rc1+ 81. Kd6 Ra1 82. Rg5+ Kf3 83. Rg8 Ra6+ 84. Ke5
Ra1 85. Nd4+ Kf2 86. Rf8+ Kg2 87. Ne3+ Kh2 88. Ke4 Ra7 89. Rh8+ Kg3 90. Rg8+ Kh3
91. Kf3 1-0

[Event "Airthings Masters - Torneo Preliminare"]
[Site "Internet"]
[Date "03.02.2023"]
[Round "2"]
[White "Bernadskiy, Vitaliy"]
[Black "Sjugirov, Sanan"]
[Result "1/2-1/2"]
[WhiteTitle ""]
[BlackTitle ""]
[WhiteElo "2612"]
[BlackElo "2712"]
[WhiteFideId "14100371"]
[BlackFideId "4189302"]
[EventDate "2023.02.03"]

1. e4 c5 2. Nf3 d6 3. Bb5+ Bd7 4. Bxd7+ Qxd7 5. c4 Nf6 6. Nc3 g6 7. d4 cxd4 8.
Nxd4 Nc6 9. f3 Bg7 10. Be3 O-O 11. Rc1 Rfc8 12. b3 a6 13. Na4 Qd8 14. O-O Nd7
15. Nc3 b5 16. cxb5 Nxd4 17. Bxd4 Bxd4+ 18. Qxd4 axb5 19. Rc2 Rc5 20. Re2 Rac8
21. Nd5 Rc2 22. Qd1 Rxe2 23. Qxe2 e6 24. Nb4 Qa5 25. Qd2 Qb6+ 26. Kh1 Qc5 27.
Rd1 Nf6 28. h3 Nh5 29. Qxd6 Qf2 30. Kh2 g5 31. Rd2 Qe1 32. Rc2 Re8 33. Nd3 Qd1
34. Rc5 Qd2 35. Qd7 Rf8 36. Qxb5 h6 37. Qc4 Rd8 38. Rc8 Rxc8 39. Qxc8+ Kg7 40.
Qc4 Qxa2 41. e5 Qd2 42. b4 Qe2 43. Qd4 Qd2 44. Qe4 Qc3 45. h4 Qd2 46. b5 Qa5 47.
hxg5 Qxb5 48. gxh6+ Kxh6 49. g4 Ng7 50. Nf2 Qb2 51. Kg3 Ne8 52. Qf4+ Kg7 53. Ne4
Qd4 54. Ng5 Qg1+ 55. Kh3 Qh1+ 56. Qh2 Qf1+ 57. Qg2 Qe1 58. Ne4 Nc7 59. g5 Nd5
60. Qg3 Qh1+ 61. Kg4 Ne3+ 62. Kf4 Nd5+ 63. Kg4 Qh7 64. Nf6 Ne3+ 65. Kf4 Qd3 66.
Ne4 Nf5 67. Qh3 Qe3+ 68. Kg4 Qg1+ 69. Kf4 Qc1+ 70. Kg4 Qg1+ 71. Kf4 Qe3+ 72. Kg4
Qc1 73. Qh2 Ne3+ 74. Kh5 Nf5 75. Kg4 Qf1 76. Kf4 Qd3 77. Nf6 Qe3+ 78. Kg4 Qd4+
79. Ne4 Qd1 80. Kf4 Qc1+ 81. Kg4 1/2-1/2

[Event "Airthings Masters - Torneo Preliminare"]
[Site "Internet"]
[Date "03.02.2023"]
[Round "3"]
[White "Vasquez Schroeder, Rodrigo"]
[Black "Lazavik, Denis"]
[Result "1/2-1/2"]
[WhiteTitle ""]
[BlackTitle ""]
[WhiteElo "2513"]
[BlackElo "2541"]
[WhiteFideId "3400042"]
[BlackFideId "13515110"]
[EventDate "2023.02.03"]

1. d4 Nf6 2. Nf3 d5 3. c4 e6 4. Nc3 Be7 5. Bg5 h6 6. Bxf6 Bxf6 7. e3 O-O 8. Rc1
dxc4 9. Bxc4 Nd7 10. O-O c5 11. Ne4 cxd4 12. Nxf6+ Nxf6 13. Qxd4 Qxd4 14. Nxd4
Bd7 15. Be2 Rac8 16. Rfd1 a6 17. Bf3 Rxc1 18. Rxc1 Rc8 19. Rxc8+ Bxc8 20. Nb3 1/2-1/2

[Event "Airthings Masters - Torneo Preliminare"]
[Site "Internet"]
[Date "03.02.2023"]
[Round "3"]
[White "Indjic, Aleksandar"]
[Black "Bernadskiy, Vitaliy"]
[Result "1-0"]
[WhiteTitle ""]
[BlackTitle ""]
[WhiteElo "2641"]
[BlackElo "2612"]
[WhiteFideId "911925"]
[BlackFideId "14100371"]
[EventDate "2023.02.03"]

1. d4 Nf6 2. c4 g6 3. Nc3 d5 4. Nf3 Bg7 5. Qb3 c6 6. cxd5 Nxd5 7. e4 Nxc3 8.
bxc3 O-O 9. Be3 Nd7 10. Be2 e5 11. O-O Qe7 12. Bg5 Qe8 13. Rfe1 h6 14. Bh4 exd4
15. cxd4 Qxe4 16. Bd3 Qd5 17. Bc4 Qf5 18. Be7 Re8 19. Nh4 1-0

[Event "Airthings Masters - Torneo Preliminare"]
[Site "Internet"]
[Date "03.02.2023"]
[Round "3"]
[White "Ibarra Jerez, Jose Carlos"]
[Black "Sevian, Samuel"]
[Result "1/2-1/2"]
[WhiteTitle ""]
[BlackTitle ""]
[WhiteElo "2563"]
[BlackElo "2687"]
[WhiteFideId "2226332"]
[BlackFideId "2040506"]
[EventDate "2023.02.03"]

1. e4 c6 2. Nf3 d5 3. d3 Qc7 4. exd5 cxd5 5. c4 Nf6 6. Nc3 Nbd7 7. Be2 g6 8. O-O
Bg7 9. Bg5 O-O 10. Rc1 dxc4 11. dxc4 Rd8 12. b4 a6 1/2-1/2

[Event "Airthings Masters - Torneo Preliminare"]
[Site "Internet"]
[Date "03.02.2023"]
[Round "3"]
[White "Matlakov, Maxim"]
[Black "Fier, Alexandr"]
[Result "1-0"]
[WhiteTitle ""]
[BlackTitle ""]
[WhiteElo "2662"]
[BlackElo "2606"]
[WhiteFideId "4168003"]
[BlackFideId "2107139"]
[EventDate "2023.02.03"]

1. d4 d5 2. c4 e6 3. Nf3 c6 4. g3 dxc4 5. Bg2 b5 6. O-O Nf6 7. Ne5 Bb7 8. a4 a6
9. b3 cxb3 10. Qxb3 Qxd4 11. Bb2 Qb4 12. Qc2 Be7 13. axb5 Qxb5 14. Na3 Qc5 15.
Nac4 Qa7 16. Na5 O-O 17. Qb3 1-0

[Event "Airthings Masters - Torneo Preliminare"]
[Site "Internet"]
[Date "03.02.2023"]
[Round "3"]
[White "Demidov, Mikhail"]
[Black "Praggnanandhaa, R"]
[Result "1/2-1/2"]
[WhiteTitle ""]
[BlackTitle ""]
[WhiteElo "2575"]
[BlackElo "2690"]
[WhiteFideId "4197143"]
[BlackFideId "25059530"]
[EventDate "2023.02.03"]

1. Nf3 Nf6 2. g3 d5 3. Bg2 c5 4. O-O e6 5. d4 cxd4 6. Nxd4 e5 7. Nb3 Be6 8. c4
Nc6 9. cxd5 Nxd5 10. Bd2 Be7 11. Nc3 O-O 12. Nxd5 Bxd5 13. Be3 Bxg2 14. Kxg2 Qc8
15. Rc1 Qe6 16. Qc2 Rfd8 17. Qc4 Rd5 18. Bc5 Rad8 19. e4 R5d7 20. Qxe6 fxe6 21.
Bxe7 Rxe7 22. Rfd1 Rf8 23. Nc5 Nd4 24. Nd3 Nf3 25. Ne1 Nd4 26. Nd3 Nf3 27. Ne1
Nd4 28. Nd3 1/2-1/2

[Event "Airthings Masters - Torneo Preliminare"]
[Site "Internet"]
[Date "03.02.2023"]
[Round "3"]
[White "Sankalp, Gupta"]
[Black "Ter-Sahakyan, Samvel"]
[Result "0-1"]
[WhiteTitle ""]
[BlackTitle ""]
[WhiteElo "2504"]
[BlackElo "2616"]
[WhiteFideId "5097010"]
[BlackFideId "13302531"]
[EventDate "2023.02.03"]

1. d4 Nf6 2. Nc3 d5 3. Bf4 c5 4. e4 Nxe4 5. Nxe4 dxe4 6. dxc5 Nd7 7. b4 e5 8.
Be3 Be7 9. Qd5 O-O 10. Bc4 Qc7 11. Qxe4 Nf6 12. Qf3 a5 13. c3 axb4 14. cxb4 Ra4
15. a3 Bg4 16. Qg3 Rfa8 17. Rc1 Rxa3 18. h3 Bh5 19. Nf3 Ne4 20. Qxe5 Rxe3+ 21.
fxe3 Bh4+ 22. Kf1 Nd2+ 0-1

[Event "Airthings Masters - Torneo Preliminare"]
[Site "Internet"]
[Date "03.02.2023"]
[Round "3"]
[White "Robson, Ray"]
[Black "Grover, Sahaj"]
[Result "1/2-1/2"]
[WhiteTitle ""]
[BlackTitle ""]
[WhiteElo "2702"]
[BlackElo "2509"]
[WhiteFideId "2023970"]
[BlackFideId "5021103"]
[EventDate "2023.02.03"]

1. e4 c5 2. Nf3 Nc6 3. Bb5 e5 4. O-O Bd6 5. c3 a6 6. Ba4 b5 7. Bc2 Bc7 8. a4 Rb8
9. d4 d6 10. h3 h6 11. Be3 c4 12. Na3 Nf6 13. dxe5 dxe5 14. Bc5 1/2-1/2

[Event "Airthings Masters - Torneo Preliminare"]
[Site "Internet"]
[Date "03.02.2023"]
[Round "3"]
[White "Rasulov, Vugar"]
[Black "Malakhov, Vladimir"]
[Result "0-1"]
[WhiteTitle ""]
[BlackTitle ""]
[WhiteElo "2516"]
[BlackElo "2650"]
[WhiteFideId "13402390"]
[BlackFideId "4120787"]
[EventDate "2023.02.03"]

1. d4 d5 2. c4 e6 3. Nf3 Nf6 4. g3 Be7 5. Bg2 O-O 6. O-O c6 7. Qc2 b6 8. Nbd2
Nbd7 9. b3 Bb7 10. e4 dxe4 11. Nxe4 c5 12. Nxf6+ Bxf6 13. Rd1 cxd4 14. Nxd4 Bxg2
15. Kxg2 Qc7 16. Qe4 Nc5 17. Qf3 e5 18. Nb5 Qe7 19. Rb1 e4 20. Qg4 Be5 21. Ba3
f5 22. Qe2 Qf6 23. Bb2 f4 24. gxf4 Bxb2 25. Qxb2 Qg6+ 26. Kh1 Nd3 27. Qd2 Rxf4 0-1

[Event "Airthings Masters - Torneo Preliminare"]
[Site "Internet"]
[Date "03.02.2023"]
[Round "3"]
[White "Dreev, Aleksey"]
[Black "Yoo, Christopher Woojin"]
[Result "1-0"]
[WhiteTitle ""]
[BlackTitle ""]
[WhiteElo "2606"]
[BlackElo "2589"]
[WhiteFideId "4100107"]
[BlackFideId "30909694"]
[EventDate "2023.02.03"]

1. d4 Nf6 2. c4 e6 3. Nc3 Bb4 4. Qc2 O-O 5. a3 Bxc3+ 6. Qxc3 b6 7. Bg5 Bb7 8. e3
h6 9. Bh4 d6 10. Ne2 Nbd7 11. Qc2 c5 12. Rd1 Rc8 13. Nc3 cxd4 14. Rxd4 Ne5 15.
Be2 Bxg2 16. Rg1 Bb7 17. Rf4 Ned7 18. Rfg4 Kh8 19. Rxg7 Qc7 20. e4 1-0

[Event "Airthings Masters - Torneo Preliminare"]
[Site "Internet"]
[Date "03.02.2023"]
[Round "3"]
[White "Ivanchuk, Vasyl"]
[Black "Jacobson, Brandon"]
[Result "1-0"]
[WhiteTitle ""]
[BlackTitle ""]
[WhiteElo "2664"]
[BlackElo "2543"]
[WhiteFideId "14100010"]
[BlackFideId "30901561"]
[EventDate "2023.02.03"]

1. d4 Nf6 2. c4 g6 3. Nc3 Bg7 4. e4 d6 5. f3 O-O 6. Bg5 Nc6 7. Nge2 a6 8. d5 Na5
9. Nd4 c5 10. Nc2 b5 11. cxb5 axb5 12. Bxb5 Ba6 13. Bxa6 Rxa6 14. Qe2 Rb6 15.
Rb1 Nd7 16. O-O Ne5 17. b3 Qd7 18. Bd2 Ra8 19. Kh1 Nb7 20. a4 Na5 21. f4 Ng4 22.
Nb5 f5 23. Nca3 Rb7 24. Qe1 Nxb3 25. Rxb3 Rxa4 26. exf5 Qxf5 27. Nxd6 exd6 28.
Qe8+ Bf8 29. Qxa4 1-0

[Event "Airthings Masters - Torneo Preliminare"]
[Site "Internet"]
[Date "03.02.2023"]
[Round "3"]
[White "Haub, Thorsten Michael"]
[Black "Kevlishvili, Robby"]
[Result "0-1"]
[WhiteTitle ""]
[BlackTitle ""]
[WhiteElo "2414"]
[BlackElo "2537"]
[WhiteFideId "4610776"]
[BlackFideId "1040634"]
[EventDate "2023.02.03"]

1. Nf3 d5 2. g3 c6 3. Bg2 Bf5 4. d3 e6 5. O-O Nd7 6. Nbd2 h6 7. a3 Ngf6 8. c4
Be7 9. b4 a5 10. Rb1 axb4 11. axb4 O-O 12. Bb2 Bh7 13. Qb3 Bd6 14. Rfe1 e5 15.
e4 d4 16. Bxd4 exd4 17. e5 Bc7 18. exf6 Nxf6 19. c5 Bf5 20. Nc4 Re8 21. Rxe8+
Nxe8 22. b5 cxb5 23. Nce5 Qf6 24. Re1 Bxe5 25. Nxe5 Qxe5 26. Rc1 Qxc5 0-1

[Event "Airthings Masters - Torneo Preliminare"]
[Site "Internet"]
[Date "03.02.2023"]
[Round "3"]
[White "Jobava, Baadur"]
[Black "Tristan, Leonardo"]
[Result "1-0"]
[WhiteTitle ""]
[BlackTitle ""]
[WhiteElo "2578"]
[BlackElo "2545"]
[WhiteFideId "13601520"]
[BlackFideId "113816"]
[EventDate "2023.02.03"]

1. e4 e5 2. Nf3 Nc6 3. Bc4 Bc5 4. c3 Nf6 5. d4 exd4 6. e5 d5 7. Be2 Ne4 8. cxd4
Bb4+ 9. Bd2 Nxd2 10. Nbxd2 O-O 11. O-O Ne7 12. Nb3 Nf5 13. Rc1 c6 14. Bd3 Nh4
15. Nxh4 Qxh4 16. f4 f5 17. a3 Be7 18. Na5 Bd8 19. b4 Qe7 20. Qd2 g6 21. Nb3 a5
22. Nxa5 Bb6 23. Be2 Qd8 24. Nb3 Rxa3 25. Nc5 Bxc5 26. bxc5 Be6 27. Ra1 Qa8 28.
Qb2 Ra4 29. Rxa4 Qxa4 30. Ra1 1-0

[Event "Airthings Masters - Torneo Preliminare"]
[Site "Internet"]
[Date "03.02.2023"]
[Round "3"]
[White "Theodorou, Nikolas"]
[Black "Nguyen, Ngoc Truong Son"]
[Result "1-0"]
[WhiteTitle ""]
[BlackTitle ""]
[WhiteElo "2584"]
[BlackElo "2645"]
[WhiteFideId "4262875"]
[BlackFideId "12401110"]
[EventDate "2023.02.03"]

1. d4 Nf6 2. c4 e6 3. Nf3 d5 4. g3 Bb4+ 5. Bd2 Be7 6. Bg2 O-O 7. O-O c6 8. Qc2
Nbd7 9. Bf4 Nh5 10. Bc1 Nhf6 11. Nbd2 b6 12. e4 Bb7 13. e5 Ne8 14. cxd5 cxd5 15.
Re1 Qc8 16. Qd1 a5 17. h4 Ba6 18. Nf1 b5 19. Bg5 Bxg5 20. hxg5 b4 21. Ne3 Qb7
22. Ng4 Rc8 23. Qd2 Kh8 24. Bf1 Bxf1 25. Rxf1 Nc7 26. Kg2 Rg8 27. Rh1 Nf8 28. g6
fxg6 29. Ng5 h5 30. Nf7+ Kh7 31. Nf6+ 1-0

[Event "Airthings Masters - Torneo Preliminare"]
[Site "Internet"]
[Date "03.02.2023"]
[Round "3"]
[White "Gledura, Benjamin"]
[Black "Wagner, Dennis"]
[Result "1-0"]
[WhiteTitle ""]
[BlackTitle ""]
[WhiteElo "2633"]
[BlackElo "2584"]
[WhiteFideId "712779"]
[BlackFideId "24650684"]
[EventDate "2023.02.03"]

1. d4 Nf6 2. c4 e6 3. Nc3 Bb4 4. e3 O-O 5. Ne2 d5 6. a3 Be7 7. Ng3 c5 8. dxc5
dxc4 9. Bxc4 Qxd1+ 10. Kxd1 Bxc5 11. b4 Be7 12. Bb2 b6 13. Ke2 Bb7 14. Rhd1 Nbd7
15. Nge4 Ne5 16. Nd2 Bxg2 17. Ba6 Rfd8 18. f3 h5 19. Nb5 Rd7 20. Bxe5 Rad8 21.
Nd4 Nd5 22. Nc6 Bd6 23. Bxd6 Nc3+ 24. Kf2 Rxd6 25. Nxd8 Bh3 26. Nb7 1-0

[Event "Airthings Masters - Torneo Preliminare"]
[Site "Internet"]
[Date "03.02.2023"]
[Round "3"]
[White "Hammer, Jon Ludvig"]
[Black "Maghsoodloo, Parham"]
[Result "0-1"]
[WhiteTitle ""]
[BlackTitle ""]
[WhiteElo "2631"]
[BlackElo "2728"]
[WhiteFideId "1503707"]
[BlackFideId "12539929"]
[EventDate "2023.02.03"]

1. d4 Nf6 2. c4 e6 3. Nf3 Bb4+ 4. Bd2 a5 5. g3 O-O 6. Bg2 d5 7. a3 Be7 8. Qc2 c6
9. O-O Nbd7 10. b3 b6 11. Bg5 Ba6 12. Nbd2 Rc8 13. Rfd1 c5 14. dxc5 Bxc5 15. Qb2
h6 16. Bxf6 Qxf6 17. Qxf6 Nxf6 18. b4 Be7 19. b5 Bb7 20. Ne5 Bd6 21. Nd3 Rc7 22.
cxd5 Nxd5 23. a4 Nc3 24. Re1 Bxg2 25. Kxg2 e5 26. Nb2 Rfc8 27. e3 e4 28. Rac1
Ba3 29. Rc2 Bxb2 30. Rxb2 Nxa4 31. Rb3 f5 32. g4 Nc5 33. Ra3 fxg4 34. Rb1 Rd8
35. Nc4 Nd7 36. Ra4 Nc5 37. Ra2 Rb7 38. Rc2 Rd5 39. Kg3 h5 40. Kh4 Kh7 41. Na3
Rf7 42. Kg3 Nd3 43. Nc4 Rc5 44. Nd6 Rf3+ 0-1

[Event "Airthings Masters - Torneo Preliminare"]
[Site "Internet"]
[Date "03.02.2023"]
[Round "3"]
[White "Matinian, Nikita"]
[Black "Bluebaum, Matthias"]
[Result "0-1"]
[WhiteTitle ""]
[BlackTitle ""]
[WhiteElo "2407"]
[BlackElo "2663"]
[WhiteFideId "24129100"]
[BlackFideId "24651516"]
[EventDate "2023.02.03"]

1. e4 e6 2. d4 d5 3. Nc3 Nf6 4. e5 Nfd7 5. f4 c5 6. Nf3 Nc6 7. Be3 a6 8. Qd2 b5
9. a3 Qa5 10. dxc5 Bxc5 11. Bxc5 Nxc5 12. Ne2 Qb6 13. Ned4 Ne4 14. Qe3 b4 15. a4
O-O 16. Bd3 a5 17. Bxe4 dxe4 18. Qxe4 Nxd4 19. Nxd4 Bb7 20. Qe3 Rac8 21. O-O
Rfd8 22. c3 bxc3 23. bxc3 Qb2 24. Qf2 Qxc3 25. Nb5 Qd3 26. Rac1 h6 27. Nd6 Rxc1
28. Rxc1 Bd5 29. h3 Rb8 30. Kh2 Qa3 31. f5 Qxc1 0-1

[Event "Airthings Masters - Torneo Preliminare"]
[Site "Internet"]
[Date "03.02.2023"]
[Round "3"]
[White "Kamsky, Gata"]
[Black "Raja, Harshit"]
[Result "1/2-1/2"]
[WhiteTitle ""]
[BlackTitle ""]
[WhiteElo "2664"]
[BlackElo "2465"]
[WhiteFideId "2000024"]
[BlackFideId "5089000"]
[EventDate "2023.02.03"]

1. d4 Nf6 2. Bf4 d5 3. e3 e6 4. Nf3 Bd6 5. Bxd6 Qxd6 6. c4 dxc4 7. Nc3 a6 8.
Bxc4 b5 9. Be2 Bb7 10. Rc1 Nbd7 11. O-O O-O 12. a3 Rfd8 13. b4 h6 14. a4 c6 15.
Qb3 Rab8 16. a5 e5 17. dxe5 Nxe5 18. Rfd1 Qc7 19. Nxe5 Qxe5 20. Rxd8+ Rxd8 21.
Bf3 Bc8 22. Ne2 Bg4 23. Nd4 Bxf3 24. Nxf3 Qd5 25. Qc2 Qd6 26. Nd4 Nd5 27. Qxc6
Nxb4 28. Qxd6 Rxd6 29. g3 Nd3 30. Rc8+ Kh7 31. Rc7 1/2-1/2

[Event "Airthings Masters - Torneo Preliminare"]
[Site "Internet"]
[Date "03.02.2023"]
[Round "3"]
[White "Arjun, Kalyan"]
[Black "Suleymanli, Aydin"]
[Result "0-1"]
[WhiteTitle ""]
[BlackTitle ""]
[WhiteElo "2516"]
[BlackElo "2552"]
[WhiteFideId "35018701"]
[BlackFideId "13413937"]
[EventDate "2023.02.03"]

1. e4 c5 2. Nf3 e6 3. d4 cxd4 4. Nxd4 Nf6 5. Nc3 Nc6 6. Nxc6 bxc6 7. e5 Nd5 8.
Ne4 Bb7 9. c4 Nb4 10. Be2 Qa5 11. O-O Qxe5 12. Bf3 d5 13. cxd5 cxd5 14. Nc3 Be7
15. a3 Nc6 16. Re1 Qd6 17. Nb5 Qd7 18. b4 O-O 19. Nc3 Bf6 20. Bb2 Nd4 21. Bg4
Rac8 22. Rc1 Bc6 23. a4 Bb7 24. Na2 Nf3+ 25. Bxf3 Bxb2 26. Rxc8 Rxc8 27. Qb3 Bf6
28. b5 Rc5 29. g3 Qc7 30. Kg2 g6 31. Re2 h5 32. h4 Rc4 33. Rd2 a5 34. bxa6 Bxa6
35. Be2 Bb7 36. Kg1 Rc5 37. Bd3 d4 38. Nb4 Rc1+ 39. Rd1 Qc3 40. Bc2 Rxd1+ 41.
Bxd1 Qe1+ 0-1

[Event "Airthings Masters - Torneo Preliminare"]
[Site "Internet"]
[Date "03.02.2023"]
[Round "3"]
[White "Omelja, Artem"]
[Black "Raja, Rithvik R"]
[Result "1-0"]
[WhiteTitle ""]
[BlackTitle ""]
[WhiteElo "2437"]
[BlackElo "2472"]
[WhiteFideId "14119846"]
[BlackFideId "35007394"]
[EventDate "2023.02.03"]

1. e4 c5 2. Nf3 d6 3. Bb5+ Nd7 4. a4 Nf6 5. Qe2 a6 6. Bc4 e6 7. O-O Be7 8. Nc3
b6 9. d4 cxd4 10. Nxd4 O-O 11. Nc6 Qe8 12. Nxe7+ Qxe7 13. Bg5 h6 14. Bh4 Bb7 15.
Rad1 Rfd8 16. Ba2 Rac8 17. Kh1 Ne5 18. f4 Ng6 19. Bxf6 Qxf6 20. f5 Ne5 21. fxe6
Qh4 22. exf7+ Kf8 23. Nd5 Bxd5 24. Bxd5 Ng4 25. g3 Qh3 26. Be6 Nf2+ 27. Rxf2
Qxe6 28. Rd4 Qe5 29. c3 a5 30. Qd3 Rc7 31. Kg2 Rxf7 32. Rxf7+ Kxf7 33. Qc4+ Qe6
34. Qxe6+ Kxe6 35. Rd5 Rc8 36. Kf3 Rc4 37. Rd4 Rc5 38. Ke3 b5 39. Kd3 g6 40. Rd5
Rxd5+ 41. exd5+ Kxd5 42. axb5 Kc5 43. c4 d5 44. b3 g5 45. g4 1-0

[Event "Airthings Masters - Torneo Preliminare"]
[Site "Internet"]
[Date "03.02.2023"]
[Round "3"]
[White "Muradli, Mahammad"]
[Black "Le, Quang Liem"]
[Result "1/2-1/2"]
[WhiteTitle ""]
[BlackTitle ""]
[WhiteElo "2539"]
[BlackElo "2728"]
[WhiteFideId "13409301"]
[BlackFideId "12401137"]
[EventDate "2023.02.03"]

1. d4 Nf6 2. c4 e6 3. Nf3 d5 4. Nc3 dxc4 5. e4 Bb4 6. Bg5 b5 7. a4 c5 8. axb5
cxd4 9. Nxd4 h6 10. Bxf6 Qxf6 11. Qa4 Bc5 12. Nf3 Nd7 13. Bxc4 O-O 14. O-O Bb7
15. Rfd1 Rfd8 16. Be2 Bb6 17. Qc2 g5 18. Na4 Rac8 19. Qb1 Bc7 20. g3 Ne5 21.
Rxd8+ Rxd8 22. Ra3 Qe7 23. Rc3 Nxf3+ 24. Bxf3 Be5 25. Rc4 Qf6 26. Kg2 Rd4 27.
Rxd4 Bxd4 28. Qc2 h5 29. Bxh5 Bxe4+ 30. Qxe4 Qxf2+ 31. Kh3 Qf1+ 32. Qg2 Qf5+ 33.
g4 Qd3+ 34. Qg3 Qf1+ 35. Qg2 Qd3+ 36. Qg3 Qf1+ 37. Qg2 Qd3+ 1/2-1/2

[Event "Airthings Masters - Torneo Preliminare"]
[Site "Internet"]
[Date "03.02.2023"]
[Round "3"]
[White "Pakleza, Zbigniew"]
[Black "Tang, Andrew"]
[Result "1-0"]
[WhiteTitle ""]
[BlackTitle ""]
[WhiteElo "2496"]
[BlackElo "2522"]
[WhiteFideId "1119290"]
[BlackFideId "2059630"]
[EventDate "2023.02.03"]

1. d4 d5 2. Bf4 Nf6 3. e3 e6 4. Nd2 c5 5. c3 Nc6 6. Ngf3 Nh5 7. Be5 f6 8. Bg3 g6
9. Bh4 Be7 10. Be2 cxd4 11. cxd4 O-O 12. O-O Ng7 13. Qb3 Nf5 14. Bg3 g5 15. Bd3
h5 16. Bxf5 exf5 17. h3 f4 18. exf4 g4 19. hxg4 hxg4 20. Nh4 Kg7 21. f5 Qb6 22.
Qxd5 Qxd4 23. Qxd4 Nxd4 24. Rfe1 Kf7 25. Rac1 Nc6 26. Nc4 Rd8 27. Ne3 Rd4 28.
Red1 Bd7 29. Rxd4 Nxd4 30. Rc7 Bc6 31. Bd6 Re8 32. Ng6 Nb5 33. Rxe7+ Rxe7 34.
Bxe7 Be4 35. Bb4 b6 36. Nh4 a5 37. Bc3 a4 38. a3 1-0